| 000 | 00344 a2200145 4500 | ||
|---|---|---|---|
| 001 | 148672 | ||
| 040 | _cEscola São Tomás de Aquino | ||
| 100 | _aSIMARD, Rémy | ||
| 240 | 1 | 0 |
_aMeu cachorro é um elefante _lpor |
| 245 | 1 | 0 | _aMeu cachorro é um elefante |
| 362 | 0 | _a1998 | |
| 440 | 1 | _aModerna | |
| 697 | _a*LITERATURA INFANTO | ||
| 942 | _cBK | ||
| 999 |
_c148672 _d148672 |
||